000 00665nam a2200277Ia 4500
005 20260324123355.0
008 008 260324s9999 xx 000 0 eng d
020 _a9781003550655
037 _aEBOOK
040 _aCRL
040 _beng
040 _cCRL
041 _2eng
041 _aeng
084 _qCRL
100 _aAnna M Fitzer; Gina Luria Walker
_91170011
245 0 _aMemoirs of Women Writers, Part I, Volume 2
260 _bTaylor and Francis
260 _c2012
365 _a
365 _b67.99
856 _uhttp://www.taylorfrancis.com/books/9781003550655
942 _cEBOOK
999 _c1763539
_d1763539